<?xml version="1.0" encoding="UTF-8"?><?xml-stylesheet type="text/xsl" href="static/style.xsl"?><OAI-PMH xmlns="http://www.openarchives.org/OAI/2.0/" xmlns:xsi="http://www.w3.org/2001/XMLSchema-instance" xsi:schemaLocation="http://www.openarchives.org/OAI/2.0/ http://www.openarchives.org/OAI/2.0/OAI-PMH.xsd"><responseDate>2026-06-02T15:23:43Z</responseDate><request verb="GetRecord" identifier="oai:riuma.uma.es:10630/34870" metadataPrefix="marc">https://riuma.uma.es/rest/oai/request</request><GetRecord><record><header><identifier>oai:riuma.uma.es:10630/34870</identifier><datestamp>2026-02-03T11:57:22Z</datestamp><setSpec>com_10630_2254</setSpec><setSpec>col_10630_37959</setSpec></header><metadata><record xmlns="http://www.loc.gov/MARC21/slim" xmlns:dcterms="http://purl.org/dc/terms/" xmlns:doc="http://www.lyncode.com/xoai" xmlns:xsi="http://www.w3.org/2001/XMLSchema-instance" xsi:schemaLocation="http://www.loc.gov/MARC21/slim http://www.loc.gov/standards/marcxml/schema/MARC21slim.xsd">
   <leader>00925njm 22002777a 4500</leader>
   <datafield ind2=" " ind1=" " tag="042">
      <subfield code="a">dc</subfield>
   </datafield>
   <datafield ind2=" " ind1=" " tag="720">
      <subfield code="a">Novo-Sánchez, Francisco Javier</subfield>
      <subfield code="e">author</subfield>
   </datafield>
   <datafield ind2=" " ind1=" " tag="260">
      <subfield code="c">2014</subfield>
   </datafield>
   <datafield ind2=" " ind1=" " tag="520">
      <subfield code="a">Entre 1695 y 1700 confluyen en la catedral de Tui tres pintores-doradores portugueses, Fernando&#xd;
Rodrigues de Castro, Joio Monteiro y Gergório de Castro, afanados en el dorado del nuevo retablo&#xd;
mayor y la policromía completa de las cajas de los órganos. Al pintor genovés Giovanni Battista&#xd;
Mangino, proveniente quizás del Algarve, se le adjudican en 1716 una serie de trabajos que habían&#xd;
quedado pendientes de años anteriores. La llegada a la sede del obispo Fernando de Arango y Queipo coincide con un cambio de rumbo estético en la catedral, cuyo exponente es una monumental empresa artística: el retablo de la Expectación. Su policromía, financiada por el referido mitrado, recae en 1728 en el bracarense João Fagundes, que afronta la encomienda auxiliado por los maestros locales Juan Antonio y Francisco Rolán de Santa Cruz, Ignacio Álvarez de Lara y José de Montemayor. Con antelación, en 1727, el cabildo había abonado a Fagundes la pintura y el dorado de otros dos retablos, dedicados a los santos Cosme y Damián y a la Sagrada Familia. Otro pintor de Braga, Estévão da Silva, figura en 1742 como responsable de dar color a la sillería de coro y el retablo de las reliquias. Me propongo con este trabajo realizar el estudio de dichos encargos desde el punto de vista de las técnicas, los motivos decorativos y la gama cromática empleada por dichos maestros, completando el análisis con la alusión a su otra producción conocida.</subfield>
   </datafield>
   <datafield ind1="8" ind2=" " tag="024">
      <subfield code="a">Farré Torras, Begoña, Barreiros, Maria Helena y Falcão, Isabel (eds.), Actas do IV Congresso de História da Arte Portuguesa em Homenagem a José-Augusto França. Sessões simultâneas, Lisboa, Associação Portuguesa de Historiadores da Arte, 2012, pp. 382-390</subfield>
   </datafield>
   <datafield ind1="8" ind2=" " tag="024">
      <subfield code="a">https://hdl.handle.net/10630/34870</subfield>
   </datafield>
   <datafield tag="653" ind2=" " ind1=" ">
      <subfield code="a">Arte barroco</subfield>
   </datafield>
   <datafield tag="653" ind2=" " ind1=" ">
      <subfield code="a">Iconografía religiosa</subfield>
   </datafield>
   <datafield ind2="0" ind1="0" tag="245">
      <subfield code="a">La policromía barroca en la catedral de Tui. Maestros portugueses (1695-1742).</subfield>
   </datafield>
</record>
</metadata></record></GetRecord></OAI-PMH>